NLSUI OPAC header image

Transforming world trade and investment law for sustainable development / (Record no. 214224)

MARC details
000 -LEADER
fixed length control field 04464cam a2200361 i 4500
001 - CONTROL NUMBER
control field 22225573
005 - DATE AND TIME OF LATEST TRANSACTION
control field 20260129050243.0
008 - FIXED-LENGTH DATA ELEMENTS--GENERAL INFORMATION
fixed length control field 210908s2022 enk b 001 0 eng
010 ## - LIBRARY OF CONGRESS CONTROL NUMBER
LC control number 2021946726
020 ## - INTERNATIONAL STANDARD BOOK NUMBER
International Standard Book Number 9780198942078
Qualifying information (hardback)
035 ## - SYSTEM CONTROL NUMBER
System control number 22225573
040 ## - CATALOGING SOURCE
Original cataloging agency DLC
Language of cataloging eng
Description conventions rda
Transcribing agency DLC
042 ## - AUTHENTICATION CODE
Authentication code pcc
082 ## - DEWEY DECIMAL CLASSIFICATION NUMBER
Classification number 343.087 PET
100 1# - MAIN ENTRY--PERSONAL NAME
Personal name Petersmann, Ernst-Ulrich,
Relator term author.
245 10 - TITLE STATEMENT
Title Transforming world trade and investment law for sustainable development /
Statement of responsibility, etc. Ernst-Ulrich Petersmann.
250 ## - EDITION STATEMENT
Edition statement Reprinted,
Remainder of edition statement South Asia Edition.
264 #1 - PRODUCTION, PUBLICATION, DISTRIBUTION, MANUFACTURE, AND COPYRIGHT NOTICE
Place of production, publication, distribution, manufacture Oxford, United Kingdom ;
Name of producer, publisher, distributor, manufacturer Oxford University Press,
Date of production, publication, distribution, manufacture, or copyright notice 2024.
300 ## - PHYSICAL DESCRIPTION
Extent xv, 348 pages ;
Dimensions 25 cm
336 ## - CONTENT TYPE
Content type term text
Content type code txt
Source rdacontent
365 ## - TRADE PRICE
Price amount Rs. 4500.00
504 ## - BIBLIOGRAPHY, ETC. NOTE
Bibliography, etc. note Includes bibliographical references (pages 331-333) and index.
505 ## - FORMATTED CONTENTS NOTE
Formatted contents note Introduction: Preventing trade, investment, energy and climate conflicts through rule of law? -<br/>1: Overview: Sustainable Development without Democratic Governance Protecting Human Rights -<br/>2: Governance Failures: UN Law and WTO Law Fail to Protect Sustainable Development -<br/>3: Constitutional Failures: Neo-Liberal and State-Capitalist Trade Wars Undermine Sustainable Development -<br/>4: Constitutional Economics for Multilevel Economic Regulation -<br/>5: European Economic Constitutionalism: Constitutional Approaches to Sustainable Development -<br/>6: Protecting Rule of Law and Human Rights in the World Trading System -<br/>7: Rule of Law and Human Rights in Investment Arbitration: Need for Judicial Reforms -<br/>8: Judicial Overreach: Constitutional Justice Requires Multilevel Judicial Comity -<br/>9: Conclusion: Multilevel governance of sustainable development requires multilevel twenty-first century constitutionalism –<br/>Selected bibliography –<br/>Index. <br/>
520 ## - SUMMARY, ETC.
Summary, etc. Transforming World Trade and Investment Law for Sustainable Development explains why the 2030 UN Sustainable Development Agenda for 'Transforming our World'-aimed at realizing 'the human rights of all' and seventeen agreed Sustainable Development Goals (SDGs)-requires transforming the United Nations (UN) and World Trade Organization (WTO) legal systems, as well as international investment law and adjudication. UN and WTO law protect regulatory competition between diverse neo-liberal, state capitalist, European ordo-liberal, and third-world conceptions of multilevel trade and investment regulation. However, geopolitical rivalries and trade wars increasingly undermine transnational rule of law and effective regulation of market failures, governance failures, and constitutional failures. For example, the intergovernmental negotiations in the context of the 1992 UN Framework Convention on Climate Change have failed to prevent or considerably limit climate change. In order to prevent trade, investment, energy, and climate conflicts, sustainable development requires reforming trade, investment, and environmental rules and dispute settlement systems. The global health pandemics confirm the need for constitutional reforms of multilevel governance of global public goods. Investment law and adjudication must better reconcile governmental duties to protect human rights and decarbonize economies with the property rights of foreign investors. The constitutional, human rights, and environmental litigation in Europe enhances the legal accountability of democratic governments for protecting sustainable development, but European economic constitutionalism has been rejected by Anglo-Saxon neo-liberalism, China's authoritarian state capitalism, and many third-world governments. The more that regional economic orders (like the China-led Belt and Road networks) reveal heterogeneity and power politics block UN and WTO reforms, the more the US-led neo-liberal world order risks disintegrating. UN and WTO law must promote private-public network governance, civil society participation, and stronger judicial accountability in order to stabilize and depoliticize multilevel governance of the SDGs.
610 20 - SUBJECT ADDED ENTRY--CORPORATE NAME
Corporate name or jurisdiction name as entry element Sustainable Development Goals.
650 #0 - SUBJECT ADDED ENTRY--TOPICAL TERM
Topical term or geographic name entry element Foreign trade regulation.
650 #0 - SUBJECT ADDED ENTRY--TOPICAL TERM
Topical term or geographic name entry element International law and human rights.
650 #0 - SUBJECT ADDED ENTRY--TOPICAL TERM
Topical term or geographic name entry element Investments, Foreign
General subdivision Law and legislation.
650 #0 - SUBJECT ADDED ENTRY--TOPICAL TERM
Topical term or geographic name entry element Sustainable development
General subdivision Law and legislation.
906 ## - LOCAL DATA ELEMENT F, LDF (RLIN)
a 7
b cbc
c orignew
d 2
e epcn
f 20
g y-gencatlg
942 ## - ADDED ENTRY ELEMENTS (KOHA)
Source of classification or shelving scheme Dewey Decimal Classification
Koha item type BOOKs
Holdings
Withdrawn status Lost status Source of classification or shelving scheme Materials specified (bound volume or other part) Damaged status Not for loan Home library Current library Shelving location Date acquired Source of acquisition Cost, normal purchase price Total Checkouts Full call number Barcode Date last seen Price effective from Koha item type Public note
    Dewey Decimal Classification HB   Not For Loan . . General Stacks 29.01.2026 Purchased - Educational Supplies 4500.00   343.087 PET 40700 29.01.2026 29.01.2026 BOOKs Recommended by Dr. Harisankar K Sathyapalan